000 00627nam a22001815i 4500
001 166835
003 ES-MaACL
005 20251015063150.0
008 980907s1858 fr |||| | fre d
040 _aCAM
_bspa
_cCAM
100 1 _aVacherot, Étienne,
_d1809-1897
_9133481
245 1 3 _aLa métaphysique et la science ou Principes de métaphysiqye positive /
_cpar Etienne Vacherot.
260 _aParis :
_bF. Chamerot,
_c1858 (
_fL. Martinet)
300 _a2 v. (XXXVI 452 ; 693 p.) ;
_c24 cm.
650 7 _aMetafísica
_2embne
_915012
852 _aES-MaACL
_jG-9565-66
_z-- Enc. pasta
999 _c166835
_d166835